Statistiques concernant Histoire - Liste des régimes français

Cliquez ici pour prendre le quiz!

Statistiques générales

  • Ce quiz a été pris 619 fois
  • Le résultat moyen est 10 sur 18

Statistiques - réponses

HintRéponse% Correct
du 4 octobre 1958 à aujourd'huiCinquième République
86%
du 27 octobre 1946 au 4 octobre 1958Quatrième République
86%
du 4 septembre 1870 au 10 juillet 1940Troisième République
86%
du 21 septembre 1792 au 18 mai 1804Première République
84%
du 24 février 1848 au 2 décembre 1852Deuxième République
83%
du 18 mai 1804 au 14 avril 1814Premier Empire
81%
du 2 décembre 1852 au 4 septembre 1870Second Empire
81%
du 14 mai 1610 au 4 septembre 1791Monarchie absolue
72%
18 juin 1940 au 3 juin 1943France libre
57%
du 4 septembre 1791 au 21 septembre 1792Monarchie constitutionnelle
54%
du 3 juin 1943 au 3 juin 1944Comité français de la Libération nationale
51%
du 9 août 1830 au 24 février 1848Monarchie de Juillet
51%
du 20 mars 1815 au 7 juillet 1815Cent-Jours
36%
du 3 juin 1944 au 27 octobre 1946Gouvernement provisoire de la République française
33%
du 6 avril 1814 au 20 mars 1815Première Restauration
19%
du 8 juillet 1815 au 2 août 1830Seconde Restauration
18%
du 1er juin 987 au 14 mai 1610Monarchie féodale
17%
481 au 1er juin 987Monarchie fédérative
4%

Distribution des résultats

Percentile par nombre de réponses

% des personnes avec chaque résultat

Votre développement - résultats

Vous n’avez pas pris ce quiz